000 01773nam0a2200349 4500
001 RU\NLR\bibl\1052146
005 20260405095734.0
010 _a5-7205-0785-X
_91000
021 _aRU
_b2007-909
_939
035 _a(NLR Aleph) 001039453
090 _a809303
_c809303
100 _a20070228d2007 |||y0rusy50 ca
101 0 _arus
102 _aRU
105 _ay |||||||||
200 1 _aСпособы управления многоквартирным домом. Товарищество собственников жилья
_e[с учетом нового законодательства
_eвыбор способа управления домом. Все о ТСЖ. Рекомендации юристов]
_fС.А. Лушкин, С.И. Федоров, А.В. Шанталей
210 _aМосква
_cЮСТИЦИНФОРМ
_d2007
215 _a223 с.
_d21
225 1 _aДеловая библиотека
_eДБ
300 _aНа обороте тит.л. 2-й авт.: Федоров С.И. - к.ю.н.
320 _aБиблиогр. в подстроч. примеч.
606 1 _aТоварищества собственников жилья
_xПравовое регулирование
_yРоссийская Федерация
_92306840
_3RU\NLR\auth\661380801
686 _aХ623.012.292
700 1 _aЛушкин
_bС. А.
_gСергей Анатольевич
_4070
701 1 _4070
_7ca
_8rus
_aФедоров
_bС. И.
_cканд. юрид. наук
_gСергей Иванович
_919098
_3RU\NLR\auth\7736105
701 1 _aШанталей
_bА. В.
_gАнатолий Васильевич
_4070
801 0 _aRU
_bNLR
_c20070228
_gRCR
801 1 _aRU
_bNLR
_c20070228
830 _aпо кн.
942 _cBOOK
980 _aNB